| 000 | 00713nam a2200229 a 4500 | ||
|---|---|---|---|
| 001 | BRCA_6879 | ||
| 005 | 20190320205627.0 | ||
| 008 | 111111s1911----u--a######---#000-0#eng-# | ||
| 041 | _aeng | ||
| 044 | _au | ||
| 050 | 4 |
_aF826 _b.C22 _c1911 |
|
| 100 | 1 |
_aCannon, Frank Jenne _d1859- _917136 |
|
| 245 | 1 | 0 |
_aUnder the prophet in Utah _bthe national menace of a political priestcraft _cby Frank J. Cannon and Harvey J. O´Higgins. |
| 260 |
_aBoston _bC. M. Clark _c1911 |
||
| 300 |
_a402 p. _bil. _c20 cm. |
||
| 500 | _aO73 | ||
| 650 | 1 | 4 |
_aMormones y mormonismo _917137 |
| 651 | 4 |
_aPolítica y gobierno _917138 |
|
| 700 | 1 |
_aO´Higgins, Harvey Jerrold _d1876-1929 _ecoaut. _917139 |
|
| 902 | _aGFM | ||
| 942 |
_2lcc _cB |
||
| 999 |
_c6561 _d6561 |
||